|
|
|
|
| LEADER |
00852nas a2200205 i 4500 |
| 001 |
acta42692 |
| 005 |
20260224081030.0 |
| 008 |
170509s2000 hu o 000 eng d |
| 022 |
|
|
|a 1417-3875
|
| 040 |
|
|
|a SZTE Egyetemi Kiadványok Repozitórium
|b hun
|
| 041 |
|
|
|a eng
|
| 100 |
1 |
|
|a Cecchi Mariella
|
| 245 |
1 |
0 |
|a Disconjugate operators and related differential equations
|h [elektronikus dokumentum] /
|c Cecchi Mariella
|
| 260 |
|
|
|c 2000
|
| 300 |
|
|
|a 1-17
|
| 490 |
0 |
|
|a Electronic journal of qualitative theory of differential equations : proceedings of the colloquium on the qualitative theory of differential equations
|v 6 No. 4
|
| 695 |
|
|
|a Differenciálegyenlet, Vosmanský, Jaromír
|
| 700 |
0 |
1 |
|a Došlá Zuzana
|e aut
|
| 700 |
0 |
1 |
|a Marini Mauro
|e aut
|
| 856 |
4 |
0 |
|u http://acta.bibl.u-szeged.hu/42692/1/ejqtde_006_qtde_2000_004_001-017.pdf
|z Dokumentum-elérés
|